Set theory for the working mathematician /
Guardado en:
| Autor Principal: | |
|---|---|
| Formato: | Libro |
| Idioma: | English |
| Publicado: |
Cambridge, U.K. :
Cambridge University Press,
1997.
|
| Series: | London Mathematical Society student texts ;
39 |
| Materias: | |
| Acceso en línea: | Publisher description Table of contents |
| Etiquetas: |
Agregar Etiqueta
Sin Etiquetas, Sea el primero en etiquetar este registro!
|
| LEADER | 01031cam a2200265 a 4500 | ||
|---|---|---|---|
| 001 | MAT.inmabb003791 | ||
| 008 | 970319s1997####enk######b####001#0#eng## | ||
| 005 | 20151110120239.0 | ||
| 245 | 1 | 0 | |a Set theory for the working mathematician / |c Krzysztof Ciesielski. |
| 260 | |a Cambridge, U.K. : |b Cambridge University Press, |c 1997. | ||
| 300 | |a xi, 236 p. ; |c 23 cm. | ||
| 440 | 0 | |a London Mathematical Society student texts ; |v 39 | |
| 504 | |a Incluye referencias bibliográficas (p. 225-227) e índice. | ||
| 510 | 4 | |a MR, |c 99c:04001 | |
| 020 | |a 0521594650 (pbk) | ||
| 020 | |a 0521594413 (hardback) | ||
| 100 | 1 | |a Ciesielski, Krzysztof, |d 1957- | |
| 650 | 0 | |a Set theory. | |
| 084 | |a 03Exx (03-02) |2 msc2000 | ||
| 010 | |a 97010533 | ||
| 040 | |a DLC |c DLC |d DLC | ||
| 856 | 4 | 2 | |3 Publisher description |u http://www.loc.gov/catdir/description/cam028/97010533.html |
| 856 | 4 | 1 | |3 Table of contents |u http://www.loc.gov/catdir/toc/cam027/97010533.html |
| 859 | |h 03 |i C569 |p A-7712 |b BIB. MATEMATICA | ||
| 859 | |h 03 |i C569 |p A-8382 |t Ej. 2 |b BIB. MATEMATICA | ||
